000 01258nam a22003137a 4500
999 _c5909
_d5909
005 20251125232804.0
008 s2540 th tha d
020 _a9740834213
040 _aNALT
041 _atha
050 _aHF5549 ธ118ก 2540
100 0 _aธงชัย สันติวงษ์
245 1 0 _aการบริหารงานบุคคล [9th]
246 _aPersonnel management
260 3 _aกรุงเทพฯ :
_bไทยวัฒนาพานิช,
_c2540
300 _a434 หน้า :
_b ภาพประกอบ, ตาราง ;
_c 24 ซม.
650 0 4 _aการบริหารทรัพยากรมนุษย์
650 0 4 _aการประเมินผลงาน
650 0 4 _aการฝึกอบรม
650 0 4 _aการวางแผนกำลังคน
650 0 4 _aทรัพยากรมนุษย์
650 0 4 _aการสัมภาษณ์
650 0 4 _aปฐมนิเทศ
650 0 4 _aการสรรหาบุคลากร
850 _aNALT
856 4 0 _uhttps://hdl.handle.net/20.500.14156/448781
_71
942 _cGB
_06
_2lcc
998 _j8
_k นายบัณฑิต อุทาวงค์